[Event "World Open"]
[Site "Arlington, VA"]
[Date "2013.07.04"]
[Round "3.29"]
[White "Aaron, Deepak"]
[Black "Arnold, Marc"]
[Result "0-1"]
[WhiteElo "2271"]
[BlackElo "2525"]
[PlyCount "136"]
[EventDate "2013.07.??"]
[EventType "swiss"]
[EventRounds "9"]
[EventCountry "USA"]

1. e4 c5 2. Nf3 Nc6 3. d4 cxd4 4. Nxd4 Qb6 5. Nb3 e6 6. Bd3 Nf6 7. Nc3 Qc7 8.
Qe2 a6 9. a4 Be7 10. Bd2 b6 11. O-O Bb7 12. f4 d6 13. Rae1 Nb4 14. f5 e5 15.
Bg5 Rc8 16. Qd2 O-O 17. h3 Rfd8 18. Qf2 Bc6 19. Be3 Rb8 20. g4 d5 21. exd5 Nxd3
22. cxd3 Nxd5 23. Nxd5 Bxd5 24. Nd2 Ba8 25. f6 Bxf6 26. g5 Be7 27. Qxf7+ Kh8
28. Qh5 g6 29. Qe2 Qd6 30. d4 Qd5 31. Qf3 Qd7 32. Qg3 exd4 33. Rf7 Bd6 34. Rxd7
Bxg3 35. Bxd4+ Kg8 36. Rg7+ Kf8 37. Rf1+ Ke8 38. Bc3 Rd7 39. Rg8+ Ke7 40. Bb4+
Ke6 41. Rxb8 Bxb8 42. Nc4 Rb7 43. Rf6+ Kd5 44. b3 Ba7 45. Kf1 b5 46. Na5 Rb6
47. axb5 axb5 48. Rf7 Bb8 49. Rxh7 Bf4 50. h4 Ke4 51. Rf7 Bd5 52. Rf6 Rxf6 53.
gxf6 Kf5 54. Be7 Ke6 55. Kf2 Be5 56. Ke3 Bc3 57. b4 Be1 58. Kf4 Bxh4 59. Kg4
Bxf6 60. Bc5 Be7 61. Kf4 Bxc5 62. bxc5 b4 63. Kg5 Be4 64. c6 Kd6 65. Kf6 Bxc6
66. Kxg6 Bd5 67. Kf5 Kc5 68. Ke5 Kb5 0-1

[Event "World Open"]
[Site "Arlington, VA"]
[Date "2013.07.04"]
[Round "3.34"]
[White "Neimer, Vitaly"]
[Black "Williams, Justus"]
[Result "1-0"]
[WhiteElo "2393"]
[BlackElo "2199"]
[PlyCount "65"]
[EventDate "2013.07.??"]
[EventType "swiss"]
[EventRounds "9"]
[EventCountry "USA"]

1. d4 Nf6 2. Nf3 e6 3. c4 Bb4+ 4. Bd2 Qe7 5. g3 Nc6 6. Bg2 Bxd2+ 7. Nbxd2 d6 8.
O-O O-O 9. e4 e5 10. d5 Nb8 11. Ne1 c6 12. Nd3 a5 13. Rc1 cxd5 14. cxd5 Nbd7
15. f4 b6 16. fxe5 dxe5 17. Nc4 Ba6 18. Bh3 Rfc8 19. b3 Bxc4 20. bxc4 Nxe4 21.
Bxd7 Qxd7 22. Nxe5 Qd6 23. Nxf7 Qc5+ 24. Kg2 Rf8 25. Qg4 Qd4 26. Rce1 Rae8 27.
Nh6+ Kh8 28. Qxe4 Qd2+ 29. Kg1 gxh6 30. Rxf8+ Rxf8 31. Qe3 Qxa2 32. Qd4+ Kg8
33. d6 1-0

[Event "World Open"]
[Site "Arlington, VA"]
[Date "2013.07.04"]
[Round "3.35"]
[White "Bodek, Michael"]
[Black "Chiang, Michael"]
[Result "1-0"]
[WhiteElo "2386"]
[BlackElo "2183"]
[PlyCount "61"]
[EventDate "2013.07.??"]
[EventType "swiss"]
[EventRounds "9"]
[EventCountry "USA"]

1. e4 e5 2. Nf3 Nc6 3. Bc4 Bc5 4. c3 Nf6 5. d4 exd4 6. cxd4 Bb4+ 7. Bd2 Bxd2+
8. Nbxd2 d5 9. exd5 Nxd5 10. O-O O-O 11. Rc1 Nce7 12. Ne4 c6 13. Re1 Ng6 14.
Nc3 Bg4 15. Bxd5 cxd5 16. h3 Be6 17. Qd2 Qf6 18. Qg5 Qxg5 19. Nxg5 Nf4 20. Re3
h6 21. Nxe6 Nxe6 22. Nxd5 Rfd8 23. Ne7+ Kf8 24. Ng6+ fxg6 25. Rxe6 Rxd4 26. Rc7
Rd1+ 27. Kh2 Rd2 28. Rxg6 Rxf2 29. Rgxg7 Rxb2 30. Rcf7+ Ke8 31. Rf3 1-0

[Event "World Open"]
[Site "Arlington, VA"]
[Date "2013.07.04"]
[Round "3.37"]
[White "Harmon Vellotti, Luke"]
[Black "Chiang, Sarah"]
[Result "1-0"]
[WhiteElo "2469"]
[BlackElo "2215"]
[PlyCount "99"]
[EventDate "2013.07.??"]
[EventType "swiss"]
[EventRounds "9"]
[EventCountry "USA"]

1. d4 Nf6 2. c4 e6 3. Nc3 Bb4 4. Qc2 O-O 5. a3 Bxc3+ 6. Qxc3 d5 7. Bg5 dxc4 8.
Qxc4 b6 9. Rd1 Ba6 10. Qc2 Nbd7 11. e4 Bxf1 12. Kxf1 Qc8 13. Qc6 Qa6+ 14. Ne2
Rac8 15. f3 Nb8 16. Qc3 Nbd7 17. Qc6 Nb8 18. Qc2 Nbd7 19. Kf2 c5 20. d5 exd5
21. Bxf6 Nxf6 22. e5 Ne8 23. Rxd5 Nc7 24. Rd7 Ne6 25. Rhd1 Rcd8 26. Rxd8 Rxd8
27. Rxd8+ Nxd8 28. Qe4 Qb5 29. Qa8 Qd7 30. f4 g6 31. Ke1 Kg7 32. Qe4 Qc6 33.
Nc3 Qxe4+ 34. Nxe4 Ne6 35. g3 Nd4 36. Kf2 Kf8 37. g4 h6 38. Nf6 Ke7 39. Ng8+
Ke6 40. Nxh6 b5 41. Ke3 Nb3 42. h4 b4 43. h5 a5 44. f5+ Kxe5 45. Nxf7+ Kf6 46.
fxg6 c4 47. g5+ Kg7 48. Ne5 c3 49. h6+ Kg8 50. Nf7 1-0

[Event "World Open"]
[Site "Arlington, VA"]
[Date "2013.07.05"]
[Round "4.1"]
[White "Negi, Parimarjan"]
[Black "Robson, Ray"]
[Result "1/2-1/2"]
[WhiteElo "2634"]
[BlackElo "2628"]
[PlyCount "65"]
[EventDate "2013.07.??"]
[EventType "swiss"]
[EventRounds "9"]
[EventCountry "USA"]
[WhiteClock "0:16:52"]
[BlackClock "0:06:45"]

1. e4 c5 2. Nf3 e6 3. d4 cxd4 4. Nxd4 Nc6 5. Nc3 Qc7 6. g3 a6 7. Bg2 Nf6 8. O-O
Nxd4 9. Qxd4 Bc5 10. Qd3 d6 11. Na4 Ba7 12. b3 O-O 13. Ba3 Rd8 14. Rad1 d5 15.
exd5 exd5 16. Qc3 Qxc3 17. Nxc3 Bg4 18. Rd2 Ne4 19. Bxe4 dxe4 20. Rxd8+ Rxd8
21. Nxe4 Re8 22. Re1 Re6 23. Bb4 Bf5 24. Nd6 Rxe1+ 25. Bxe1 Bxc2 26. Nxb7 Bb1
27. a3 Ba2 28. b4 Bd5 29. Nd6 Bb8 30. Nc8 Bb7 31. Nb6 Ba7 32. Nd7 f6 33. Bd2
1/2-1/2

[Event "World Open"]
[Site "Arlington, VA"]
[Date "2013.07.05"]
[Round "4.2"]
[White "Akobian, Varuzhan"]
[Black "Fishbein, Alexander"]
[Result "1-0"]
[WhiteElo "2612"]
[BlackElo "2504"]
[PlyCount "129"]
[EventDate "2013.07.??"]
[EventType "swiss"]
[EventRounds "9"]
[EventCountry "USA"]
[WhiteClock "0:09:10"]
[BlackClock "0:18:33"]

1. d4 Nf6 2. c4 g6 3. Nc3 Bg7 4. e4 d6 5. Be2 O-O 6. Bg5 c6 7. f4 a6 8. e5 Ne8
9. Nf3 Nc7 10. Qd2 Bf5 11. O-O-O Ne6 12. Bh4 Bh6 13. g3 dxe5 14. dxe5 Qxd2+ 15.
Nxd2 g5 16. fxg5 Bg7 17. g4 Bg6 18. Bg3 Nd7 19. Nf3 Ndc5 20. h4 Rfd8 21. Rxd8+
Rxd8 22. Rd1 Nd3+ 23. Bxd3 Bxd3 24. b3 b5 25. cxb5 cxb5 26. Ne1 Bf1 27. Rxd8+
Nxd8 28. Nd5 Be2 29. Ne3 b4 30. Kd2 Bb5 31. Nf3 Nc6 32. Nd5 a5 33. Ke3 Bf1 34.
Nd4 Nxd4 35. Kxd4 Kf8 36. Ne3 Be2 37. Nc4 Bxg4 38. Nxa5 Bf3 39. Kc5 f6 40. gxf6
exf6 41. Nc4 fxe5 42. Bxe5 Bh6 43. Kxb4 Ke7 44. a4 Kd7 45. Kc3 Bf8 46. Bd4 Bd1
47. b4 Be7 48. Bf2 Bf6+ 49. Kd3 Kc7 50. Bg3+ Kb7 51. Nd6+ Ka6 52. b5+ Ka5 53.
Be1+ Kxa4 54. b6 Bd8 55. b7 Bc7 56. Ne4 Bf3 57. Bf2 Bb8 58. Nc5+ Kb5 59. Nd7
Kc6 60. Nxb8+ Kxb7 61. Nd7 Bh5 62. Nf6 Bg6+ 63. Kd4 Kc7 64. Ke5 Kd8 65. Bc5 1-0

[Event "World Open"]
[Site "Arlington, VA"]
[Date "2013.07.05"]
[Round "4.3"]
[White "Shen, Arthur"]
[Black "Yuniesky, Quesada"]
[Result "0-1"]
[WhiteElo "2286"]
[BlackElo "2639"]
[PlyCount "60"]
[EventDate "2013.07.??"]
[EventType "swiss"]
[EventRounds "9"]
[EventCountry "USA"]
[WhiteClock "0:09:15"]
[BlackClock "0:11:48"]

1. e4 c5 2. Nf3 Nc6 3. d4 cxd4 4. Nxd4 e6 5. Nc3 Qc7 6. f4 Nxd4 7. Qxd4 b6 8.
Be3 Bb7 9. Be2 Nf6 10. O-O-O Rc8 11. Bf3 Bc5 12. Qd3 Bxe3+ 13. Qxe3 O-O 14. Rd2
d5 15. e5 Nd7 16. Re1 Qc5 17. Qd3 Nb8 18. Bg4 Qb4 19. Qg3 d4 20. Ne4 Bxe4 21.
Rxe4 Qa5 22. a3 Qd5 23. Rdxd4 Qa2 24. c3 Nc6 25. Rd7 Na5 26. Rb4 Rcd8 27. Rd1
Nc4 28. Qf2 Nxa3 29. Rdd4 Qb1+ 30. Kd2 Nc2 0-1

[Event "World Open"]
[Site "Arlington, VA"]
[Date "2013.07.05"]
[Round "4.4"]
[White "Kacheishvili, Giorgi"]
[Black "Molner, Mackenzie"]
[Result "1/2-1/2"]
[WhiteElo "2588"]
[BlackElo "2501"]
[PlyCount "53"]
[EventDate "2013.07.??"]
[EventType "swiss"]
[EventRounds "9"]
[EventCountry "USA"]
[WhiteClock "0:21:52"]
[BlackClock "0:11:49"]

1. d4 Nf6 2. c4 g6 3. Nf3 Bg7 4. g3 d5 5. cxd5 Nxd5 6. Bg2 Nb6 7. O-O Nc6 8. e3
O-O 9. Nc3 Re8 10. d5 Na5 11. Nd4 Bd7 12. b3 Rc8 13. Bb2 c6 14. e4 cxd5 15.
exd5 Nbc4 16. bxc4 Qb6 17. Ne6 Nxc4 18. Nxg7 Nxb2 19. Qd2 Kxg7 20. Rfb1 Nc4 21.
Rxb6 Nxd2 22. Rxb7 Rxc3 23. Rxd7 a5 24. Ra7 Nf3+ 25. Kh1 Ra3 26. Rb1 Rd8 27.
Rxe7 1/2-1/2

[Event "World Open"]
[Site "Arlington, VA"]
[Date "2013.07.05"]
[Round "4.5"]
[White "Krush, Irina"]
[Black "Gelashvili, Tamaz"]
[Result "1/2-1/2"]
[WhiteElo "2480"]
[BlackElo "2572"]
[PlyCount "92"]
[EventDate "2013.07.??"]
[EventType "swiss"]
[EventRounds "9"]
[EventCountry "USA"]

1. d4 g6 2. c4 Bg7 3. e4 c5 4. d5 d6 5. Nc3 Nf6 6. h3 O-O 7. Bd3 e5 8. Nge2 Ne8
9. Be3 f5 10. exf5 gxf5 11. f4 e4 12. Bc2 Nf6 13. Qd2 a6 14. g4 fxg4 15. hxg4
Bxg4 16. Nxe4 Re8 17. Nxf6+ Qxf6 18. Bxh7+ Kf8 19. Nc3 Nd7 20. Kf2 Rxe3 21.
Qxe3 Re8 22. Qg3 Qd4+ 23. Kf1 Nf6 24. Re1 Rxe1+ 25. Kxe1 b5 26. Bd3 b4 27. Ne2
Qxb2 28. Rg1 Ne4 29. Qe3 Qa1+ 30. Qc1 Bc3+ 31. Kf1 Bh3+ 32. Rg2 Ng3+ 33. Kf2
Be1+ 34. Kf3 Bxg2+ 35. Kxg2 Qg7 36. Kf3 Nxe2 37. Kxe2 Bh4 38. Be4 Qd4 39. Qc2
a5 40. Kf3 Qg1 41. Qg2 Qd1+ 42. Qe2 Qd4 43. Bc2 Qg7 44. Qe4 Qg3+ 45. Ke2 Qf2+
46. Kd1 Qf1+ 1/2-1/2

[Event "World Open"]
[Site "Arlington, VA"]
[Date "2013.07.05"]
[Round "4.6"]
[White "Ostrovskiy, Aleksandr"]
[Black "Mikhalevski, Victor"]
[Result "0-1"]
[WhiteElo "2403"]
[BlackElo "2552"]
[PlyCount "98"]
[EventDate "2013.07.??"]
[EventType "swiss"]
[EventRounds "9"]
[EventCountry "USA"]

1. e4 e5 2. Nf3 Nc6 3. Bc4 Nf6 4. d3 h6 5. c3 d6 6. Nbd2 g6 7. O-O Bg7 8. Bb3
O-O 9. Re1 Na5 10. Bc2 c5 11. d4 exd4 12. cxd4 Re8 13. h3 cxd4 14. Nxd4 Bd7 15.
N4b3 Rc8 16. Nxa5 Qxa5 17. Bd3 Ba4 18. Qe2 d5 19. e5 Rxe5 20. Qxe5 Re8 21.
Qxe8+ Bxe8 22. Nf3 Ne4 23. Bxe4 dxe4 24. Rxe4 Bc6 25. Re3 Qa4 26. Rd3 Kh7 27.
Bd2 Qc2 28. Rd6 Qxb2 29. Re1 Qxa2 30. Bf4 g5 31. Bg3 Bxf3 32. gxf3 Bc3 33. Re8
b5 34. Rd7 a5 35. Rf8 Kg7 36. Rb8 b4 37. Bd6 b3 38. Bf8+ Kg6 39. Rb6+ f6 40.
Kg2 b2 41. Rg7+ Kf5 42. Rb5+ Be5 43. Rgb7 a4 44. R7b6 a3 45. Be7 Kg6 46. Bxa3
Qxa3 47. Rxe5 b1=Q 48. Rxg5+ Kxg5 49. Rxb1 Kf4 0-1

[Event "World Open"]
[Site "Arlington, VA"]
[Date "2013.07.05"]
[Round "4.8"]
[White "Bruzon Batista, Lazaro"]
[Black "Kiewra, Keaton"]
[Result "1-0"]
[WhiteElo "2689"]
[BlackElo "2422"]
[PlyCount "67"]
[EventDate "2013.07.??"]
[EventType "swiss"]
[EventRounds "9"]
[EventCountry "USA"]

1. Nf3 Nf6 2. g3 g6 3. b3 Bg7 4. Bb2 O-O 5. Bg2 d5 6. c4 c6 7. O-O b6 8. d4 Bb7
9. Nc3 Nbd7 10. Qc2 Rc8 11. Rfd1 Qc7 12. Rac1 Rfe8 13. Qb1 Qb8 14. Nd2 e6 15.
Qa1 c5 16. e3 cxd4 17. exd4 dxc4 18. Bxb7 Qxb7 19. bxc4 a6 20. d5 Nc5 21. Nb3
Nfd7 22. dxe6 fxe6 23. Nxc5 Nxc5 24. Ne2 Red8 25. Bxg7 Qxg7 26. Qb1 Qc7 27. Nf4
Rxd1+ 28. Rxd1 Rd8 29. h4 Rxd1+ 30. Qxd1 Kf7 31. Qf3 Qb7 32. Qc3 Nd7 33. Qh8
Nf6 34. Nh3 1-0

[Event "World Open"]
[Site "Arlington, VA"]
[Date "2013.07.05"]
[Round "4.9"]
[White "Troff, Kayden"]
[Black "Milov, Vadim"]
[Result "1/2-1/2"]
[WhiteElo "2427"]
[BlackElo "2643"]
[PlyCount "156"]
[EventDate "2013.07.??"]
[EventType "swiss"]
[EventRounds "9"]
[EventCountry "USA"]

1. d4 g6 2. c4 Bg7 3. Nf3 c5 4. d5 d6 5. g3 e5 6. Nc3 Ne7 7. h4 h6 8. Bd2 Nd7
9. Qc1 f5 10. Rb1 a6 11. a3 e4 12. Ng1 Ne5 13. Nd1 b5 14. Ne3 Nxc4 15. Nxc4
bxc4 16. Bc3 O-O 17. e3 Bb7 18. Bxg7 Kxg7 19. Qc3+ Rf6 20. Bxc4 Bxd5 21. Ne2
Bxc4 22. Qxc4 Qg8 23. b3 Nc6 24. Qc3 Ne5 25. Nf4 Qf7 26. Rd1 Rd8 27. Kf1 Qe8
28. Kg2 Kg8 29. Qa5 Ng4 30. Nd5 Rf7 31. Qxa6 Qe5 32. Rd2 Kg7 33. b4 g5 34. hxg5
hxg5 35. bxc5 dxc5 36. Rh5 Rd6 37. Qa8 Kg6 38. Rh8 Nh6 39. Rd8 Rxd8 40. Qxd8
Ng4 41. Qb6+ Kg7 42. Qxc5 Rd7 43. Rd4 Nf6 44. Nf4 Qxc5 45. Ne6+ Kg6 46. Nxc5
Rc7 47. Nb3 Rc2 48. Rd2 Rc3 49. Rb2 f4 50. exf4 gxf4 51. Nd2 f3+ 52. Kh3 Rc1
53. g4 Rh1+ 54. Kg3 Rg1+ 55. Kf4 Rxg4+ 56. Ke3 Rg1 57. Nxf3 exf3 58. Kxf3 Ra1
59. Rb3 Kf5 60. Rb5+ Ke6 61. Ra5 Ra2 62. Ra6+ Ke5 63. Ra5+ Nd5 64. Kg3 Ra1 65.
f3 Kd4 66. Ra8 Nb6 67. Ra7 Nc4 68. Kf4 Kd5 69. Ra8 Rh1 70. a4 Rh7 71. Kg5 Nd6
72. f4 Rg7+ 73. Kf6 Rf7+ 74. Kg5 Ke6 75. Kg4 Rg7+ 76. Kf3 Rb7 77. Kg4 Rb1 78.
a5 Rg1+ 1/2-1/2

[Event "World Open"]
[Site "Arlington, VA"]
[Date "2013.07.05"]
[Round "4.11"]
[White "Perez, Robert"]
[Black "Shulman, Yury"]
[Result "0-1"]
[WhiteElo "2379"]
[BlackElo "2542"]
[PlyCount "82"]
[EventDate "2013.07.??"]
[EventType "swiss"]
[EventRounds "9"]
[EventCountry "USA"]

1. d4 d5 2. c4 e6 3. Nc3 c6 4. cxd5 exd5 5. Qc2 Bd6 6. Nf3 Ne7 7. Bg5 f6 8. Bh4
Bf5 9. Qb3 Qb6 10. Bg3 Qxb3 11. axb3 Nc8 12. Bxd6 Nxd6 13. e3 Nd7 14. b4 Nb6
15. Nd2 a6 16. f3 O-O-O 17. h4 h5 18. Kf2 Rde8 19. Ne2 Nbc4 20. Nxc4 Nxc4 21.
Ng3 Nd6 22. Nxf5 Nxf5 23. Bd3 Nd6 24. Rh3 Kd7 25. Rg1 Re7 26. g4 hxg4 27. Rxg4
g5 28. h5 Nf7 29. Bg6 Nh6 30. Rg1 Kc7 31. Rc1 Rd8 32. Rhh1 Kb6 33. Rc5 Rd6 34.
Rd1 f5 35. Rg1 g4 36. f4 Rf6 37. Rh1 Nf7 38. Bxf7 Rexf7 39. Kg3 Re6 40. Kh4 Rg7
41. b5 g3 0-1

[Event "World Open"]
[Site "Arlington, VA"]
[Date "2013.07.05"]
[Round "4.12"]
[White "Arnold, Marc"]
[Black "Bodek, Michael"]
[Result "1-0"]
[WhiteElo "2525"]
[BlackElo "2386"]
[PlyCount "51"]
[EventDate "2013.07.??"]
[EventType "swiss"]
[EventRounds "9"]
[EventCountry "USA"]

1. Nf3 Nf6 2. c4 e6 3. Nc3 d5 4. d4 dxc4 5. e4 Bb4 6. Bxc4 Nxe4 7. O-O Nxc3 8.
bxc3 Be7 9. Ne5 O-O 10. Qg4 Nc6 11. Re1 f5 12. Qf3 Nxe5 13. Rxe5 Kh8 14. Bf4 g5
15. Bd2 Bd6 16. Rae1 Bxe5 17. Rxe5 Qf6 18. Bb3 Rd8 19. h4 gxh4 20. Bf4 Qg6 21.
Rxf5 Qxf5 22. Be5+ Qxe5 23. dxe5 Re8 24. Qf6+ Kg8 25. Bc2 Bd7 26. Qxh4 1-0

[Event "World Open"]
[Site "Arlington, VA"]
[Date "2013.07.05"]
[Round "4.13"]
[White "Friedel, Joshua"]
[Black "Harmon Vellotti, Luke"]
[Result "1/2-1/2"]
[WhiteElo "2506"]
[BlackElo "2469"]
[PlyCount "127"]
[EventDate "2013.07.??"]
[EventType "swiss"]
[EventRounds "9"]
[EventCountry "USA"]

1. Nf3 Nf6 2. c4 e6 3. g3 a6 4. Nc3 d5 5. cxd5 exd5 6. Bg2 Be7 7. O-O O-O 8. d4
c6 9. Qc2 Nbd7 10. Bf4 Re8 11. Rad1 Nf8 12. Ne5 Ne6 13. Bc1 Bf8 14. f4 Nc7 15.
Kh1 Nb5 16. a4 Nxc3 17. bxc3 Bd6 18. c4 Qe7 19. cxd5 cxd5 20. Qb3 Bd7 21. Bb2
Rab8 22. Kg1 a5 23. Bxd5 Nxd5 24. Qxd5 Bxa4 25. Ra1 b5 26. Nc6 Qe3+ 27. Rf2
Rbc8 28. Qxd6 Re6 29. Qa3 Qxa3 30. Bxa3 Rexc6 31. Bc5 f5 32. e3 Kf7 33. Rd2 Rd8
34. Re2 Re8 35. Kf2 Re4 36. Rb2 Rh6 37. Kf3 Rc6 38. g4 g6 39. Rg2 Rce6 40. d5
Re8 41. gxf5 Bb3 42. fxg6+ hxg6 43. Rg5 a4 44. h4 Rc4 45. d6 Bc2 46. Bb6 Be4+
47. Kg3 Bc6 48. Rf1 Bd7 49. h5 gxh5 50. Rxh5 Rg8+ 51. Rg5 b4 52. Bd4 Rxd4 53.
exd4 b3 54. Rb1 Bf5 55. Rb2 Rxg5+ 56. fxg5 Ke6 57. Kf4 Bc2 58. g6 Bxg6 59. Ke3
Bc2 60. Kd2 a3 61. Rxb3 Bxb3 62. Kc1 Ba2 63. Kc2 Kxd6 64. Kc3 1/2-1/2

[Event "World Open"]
[Site "Arlington, VA"]
[Date "2013.07.05"]
[Round "4.14"]
[White "Sarkar, Justin"]
[Black "Liou, Yian"]
[Result "1/2-1/2"]
[WhiteElo "2451"]
[BlackElo "2381"]
[PlyCount "68"]
[EventDate "2013.07.??"]
[EventType "swiss"]
[EventRounds "9"]
[EventCountry "USA"]

1. d4 d5 2. c4 c6 3. Nf3 Nf6 4. Nc3 a6 5. c5 Nbd7 6. Bf4 Nh5 7. Bd2 Nhf6 8. Qc2
Qc7 9. g3 g6 10. Bg2 Bg7 11. O-O O-O 12. Bf4 Qd8 13. Rad1 Nh5 14. Bc1 f5 15. b4
Qe8 16. Bf4 e5 17. Nxe5 Nxe5 18. Bxe5 Bxe5 19. dxe5 Qxe5 20. e3 Be6 21. Ne2 Ng7
22. Nd4 Bf7 23. a4 Ne6 24. b5 axb5 25. axb5 Rfc8 26. b6 Ra5 27. Nxe6 Bxe6 28.
Rd4 Rca8 29. Rc1 Qg7 30. h4 Qf8 31. Bf1 Ra2 32. Qc3 R8a3 33. Qb4 Qa8 34. Rdd1
Qf8 1/2-1/2

[Event "World Open"]
[Site "Arlington, VA"]
[Date "2013.07.05"]
[Round "4.15"]
[White "Morshedi, Ali"]
[Black "Panchanathan, Magesh"]
[Result "0-1"]
[WhiteElo "2223"]
[BlackElo "2583"]
[PlyCount "98"]
[EventDate "2013.07.??"]
[EventType "swiss"]
[EventRounds "9"]
[EventCountry "USA"]

1. e4 e5 2. Nf3 Nc6 3. Bb5 a6 4. Ba4 Nf6 5. O-O Be7 6. d3 d6 7. c3 O-O 8. Nbd2
b5 9. Bb3 Na5 10. Bc2 c5 11. Re1 Nc6 12. Nf1 Re8 13. h3 h6 14. Qe2 Bf8 15. g4
g6 16. Ng3 Be6 17. Kh2 Nh7 18. Rg1 Kh8 19. Ne1 d5 20. Ng2 d4 21. c4 bxc4 22.
dxc4 Ng5 23. h4 d3 24. Bxd3 Nd4 25. Bxg5 hxg5 26. Qd1 gxh4 27. Nf5 Qg5 28. Nxd4
exd4 29. f4 Bd6 30. e5 Bxe5 31. fxe5 Qxe5+ 32. Kh1 Qg3 33. Rf1 h3 34. Ne1 Bxg4
35. Qd2 Bd7 36. Be2 Re3 37. Bf3 Rae8 38. Bd5 Bf5 39. Nf3 Kg7 40. Rg1 Qf4 41.
Raf1 Bd3 42. Rf2 Be4 43. Bxe4 Qxe4 44. Rg3 Rh8 45. Kh2 Qf4 46. Qd1 Rh4 47. Qg1
Rg4 48. Rf1 f5 49. Qf2 d3 0-1

[Event "World Open"]
[Site "Arlington, VA"]
[Date "2013.07.05"]
[Round "4.16"]
[White "Jayakumar, Adarsh"]
[Black "Shabalov, Alex"]
[Result "1/2-1/2"]
[WhiteElo "2269"]
[BlackElo "2553"]
[PlyCount "123"]
[EventDate "2013.07.??"]
[EventType "swiss"]
[EventRounds "9"]
[EventCountry "USA"]

1. d4 d6 2. Nf3 Bg4 3. g3 Bxf3 4. exf3 Nf6 5. Bg2 g6 6. O-O Bg7 7. c4 c6 8. Nc3
O-O 9. f4 Nbd7 10. Qc2 e6 11. d5 cxd5 12. cxd5 e5 13. fxe5 Nxe5 14. b3 Rc8 15.
Bb2 Qa5 16. Rac1 Bh6 17. Rcd1 b5 18. a3 b4 19. axb4 Qxb4 20. Ba1 Rc5 21. Na2
Qb8 22. Qb1 Rfc8 23. Bd4 Rb5 24. Qa1 Rxb3 25. f4 Neg4 26. Bxf6 Nxf6 27. Qxf6
Bg7 28. Qh4 Rb2 29. Nc1 Rcc2 30. Be4 Qb6+ 31. Kh1 Bf6 32. Qh3 Rxh2+ 33. Qxh2
Rxh2+ 34. Kxh2 Qb2+ 35. Kh1 a5 36. Nd3 Qb6 37. Nf2 a4 38. Bb1 a3 39. Ne4 Bb2
40. f5 Qb4 41. Nf2 Qc4 42. Kg2 a2 43. Bxa2 Qxa2 44. Rd2 Qa3 45. fxg6 hxg6 46.
Rfd1 Be5 47. Rd3 Qb4 48. R1d2 Kg7 49. Kf3 f5 50. Kg2 g5 51. Rd1 Kg6 52. R3d2
Qc4 53. Rd3 g4 54. R1d2 Kg5 55. Rd1 Qa4 56. Re1 Bd4 57. Red1 Bc5 58. R1d2 f4
59. gxf4+ Qxf4 60. Nxg4 Kxg4 61. Re2 Qc1 62. Rg3+ 1/2-1/2

[Event "World Open"]
[Site "Arlington, VA"]
[Date "2013.07.05"]
[Round "4.17"]
[White "Lenderman, Aleksandr"]
[Black "Kaufman, Lawrence"]
[Result "0-1"]
[WhiteElo "2548"]
[BlackElo "2325"]
[PlyCount "98"]
[EventDate "2013.07.??"]
[EventType "swiss"]
[EventRounds "9"]
[EventCountry "USA"]

1. b3 e5 2. Bb2 Nc6 3. e3 Nf6 4. Bb5 Bd6 5. d3 O-O 6. Nd2 Re8 7. Ne2 Bf8 8. d4
exd4 9. Nxd4 Nxd4 10. Bxd4 a6 11. Be2 d5 12. O-O c5 13. Bb2 Bf5 14. Nf3 Ne4 15.
c4 dxc4 16. Bxc4 Qxd1 17. Rfxd1 Nd6 18. Bd5 Be4 19. Ne5 Rad8 20. Rac1 Bxd5 21.
Rxd5 f6 22. Nf3 c4 23. Nd4 cxb3 24. axb3 Rc8 25. Rxc8 Rxc8 26. f3 Nf7 27. Ne6
Bd6 28. f4 Re8 29. f5 Rc8 30. Bd4 Rc1+ 31. Kf2 Rc2+ 32. Kf3 h5 33. h4 Rc1 34.
g3 Kh7 35. Nf4 Bxf4 36. gxf4 Nh6 37. Bc5 Ng4 38. b4 Rf1+ 39. Kg2 Re1 40. Rd7
Nxe3+ 41. Kf2 Rd1 42. Rxb7 Nxf5 43. Ra7 Ra1 44. Bf8 Ra2+ 45. Kf3 Kg8 46. Ra8
Kf7 47. b5 Nd4+ 48. Ke4 Nxb5 49. Bc5 Ra4+ 0-1

[Event "World Open"]
[Site "Arlington, VA"]
[Date "2013.07.05"]
[Round "4.19"]
[White "Amanov, Mesgen"]
[Black "Adamson, Robby"]
[Result "1-0"]
[WhiteElo "2484"]
[BlackElo "2271"]
[PlyCount "53"]
[EventDate "2013.07.??"]
[EventType "swiss"]
[EventRounds "9"]
[EventCountry "USA"]

1. d4 Nf6 2. Nf3 c5 3. d5 b5 4. Bg5 Qb6 5. Bxf6 Qxf6 6. c3 Qb6 7. Nbd2 Bb7 8.
a4 Bxd5 9. e4 Bb7 10. axb5 g6 11. Bc4 Bg7 12. O-O O-O 13. Qb3 Qc7 14. Rxa7 Rxa7
15. b6 Qc8 16. bxa7 Nc6 17. Ra1 Qc7 18. Bxf7+ Kh8 19. Bd5 e6 20. Bxc6 Bxc6 21.
Qa3 Ba8 22. h4 h6 23. Qa5 Qc6 24. Re1 Bf6 25. Nc4 Bd8 26. Nfe5 Qc8 27. Qb5 1-0

[Event "World Open"]
[Site "Arlington, VA"]
[Date "2013.07.05"]
[Round "4.23"]
[White "Cheng, Bindi"]
[Black "Mena, Carlos"]
[Result "1-0"]
[WhiteElo "2406"]
[BlackElo "2252"]
[PlyCount "49"]
[EventDate "2013.07.??"]
[EventType "swiss"]
[EventRounds "9"]
[EventCountry "USA"]

1. d4 g6 2. e4 Bg7 3. Nc3 d6 4. h3 a6 5. a4 b6 6. g4 h5 7. g5 e6 8. Bg2 Bb7 9.
Nf3 Ne7 10. O-O d5 11. Nh4 Nbc6 12. exd5 exd5 13. Ne2 O-O 14. c3 Bc8 15. Ng3 a5
16. f4 f5 17. Re1 Qd7 18. b3 Ba6 19. Ba3 Rf7 20. Nxh5 gxh5 21. g6 Rf6 22. Qxh5
Bd3 23. Bxd5+ Qxd5 24. Bxe7 Rxg6+ 25. Qxg6 1-0

[Event "World Open"]
[Site "Arlington, VA"]
[Date "2013.07.05"]
[Round "4.26"]
[White "Vioreanu, Bogdan"]
[Black "Colas, Joshua"]
[Result "1-0"]
[WhiteElo "2404"]
[BlackElo "2225"]
[PlyCount "95"]
[EventDate "2013.07.??"]
[EventType "swiss"]
[EventRounds "9"]
[EventCountry "USA"]

1. d4 Nf6 2. c4 g6 3. Nc3 Bg7 4. e4 d6 5. Be2 O-O 6. Bg5 Nbd7 7. Qc2 e5 8. d5
h6 9. Bd2 a5 10. h4 Nc5 11. h5 g5 12. f3 Nh7 13. g4 Bd7 14. Be3 Na6 15. Nh3 b6
16. Nf2 Qe7 17. O-O Nb4 18. Qd2 Na6 19. b3 Rfb8 20. Rfb1 Rb7 21. a3 Qd8 22. b4
axb4 23. axb4 Rba7 24. Nd3 Bf8 25. Ra3 Nb8 26. Rxa7 Rxa7 27. c5 Be7 28. c6 Be8
29. Qb2 Qc8 30. Nf2 Kf8 31. Ra1 Rxa1+ 32. Qxa1 Qd8 33. Nh1 Nf6 34. Ng3 Bxc6 35.
dxc6 Nxc6 36. b5 Nd4 37. Qa2 Nxe2+ 38. Ngxe2 Qc8 39. Ng3 Kg8 40. Nf5 Bf8 41.
Qc4 Qb7 42. Kf2 Qa7 43. Ke2 Qb7 44. Kd2 Qa7 45. Kc2 Nd7 46. Qa2 Qb8 47. Nd5 Kh7
48. Nf6+ 1-0

[Event "World Open"]
[Site "Arlington, VA"]
[Date "2013.07.05"]
[Round "5.1"]
[White "Yuniesky, Quesada"]
[Black "Erenburg, Sergey"]
[Result "1/2-1/2"]
[WhiteElo "2639"]
[BlackElo "2615"]
[PlyCount "80"]
[EventDate "2013.07.??"]
[EventType "swiss"]
[EventRounds "9"]
[EventCountry "USA"]

1. e4 e5 2. Nf3 Nf6 3. Nxe5 d6 4. Nf3 Nxe4 5. Nc3 Nxc3 6. dxc3 Be7 7. Be3 Nc6
8. Qd2 Be6 9. O-O-O Qd7 10. Kb1 Bf6 11. h4 O-O-O 12. Nd4 Nxd4 13. Bxd4 Be5 14.
f4 c5 15. Bxe5 dxe5 16. Qxd7+ Rxd7 17. Rxd7 Bxd7 18. fxe5 Re8 19. Bc4 Rxe5 20.
Bxf7 Bc6 21. Rg1 Bxg2 22. b4 Re7 23. Rxg2 Rxf7 24. Rg5 cxb4 25. cxb4 Kd7 26.
Kb2 Ke6 27. Kb3 g6 28. c4 Rf3+ 29. Ka4 Rf4 30. Rb5 Rf7 31. Rg5 Rg7 32. c5 h6
33. Rg1 g5 34. hxg5 hxg5 35. Kb5 Kd5 36. Rg4 Rg6 37. a4 Ke5 38. Kc4 Kf5 39. Rg1
g4 40. Kd5 a6 1/2-1/2